| 000 | 00636nam a22002177a 4500 | ||
|---|---|---|---|
| 003 | OSt | ||
| 005 | 20240412074308.0 | ||
| 008 | 210309b ||||| |||| 00| 0 spa d | ||
| 020 | _a9789945220605 | ||
| 040 |
_aDO-SdBNP _bspa _cBNPHU |
||
| 082 |
_aRD863.44 _bG934m, 2020 |
||
| 100 | 1 | 0 |
_aGuerrero, Laureano, _d1952- _977343 |
| 245 | 1 | 0 |
_aMás cuentos y relatos / _cLaureano Guerrero |
| 260 |
_aSanto Domingo : _bBúho, _c2020 |
||
| 300 |
_a136 p. ; _c24 cm |
||
| 590 | _aInventariado, 2021 / DG | ||
| 650 | 4 | 0 |
_aCuentos dominicanos _9176 |
| 650 | 4 | 0 |
_aLiteratura dominicana. _967 |
| 910 | _aInventariado, 2021 / DG | ||
| 942 |
_2ddc _cLBS1 |
||
| 999 |
_c49514 _d49514 |
||